US Presidential Inauguration Trivia Quiz Stats

 Plays Quiz Updated Jan 20, 2017

Support Sporcle.
Go Orange.
Score 0/20 Timer 07:00
0 Plays Today
Hint Answer % Correct
Barack Obama used the Lincoln Bible for his oaths in 2009 and 2013, and in 2013 he also used a Bible that belonged to what civil rights activist and Baptist Minister?Martin Luther King, Jr.
90.6%
The only inauguration element mandated by the US Constitution is that the president makes a what before that person can 'Enter on the Execution' of the office?Oath or Affirmation
84.4%
During his inaugural address, what president said, 'Let me assert my firm belief that the only thing we have to fear is fear itself'?Franklin D. Roosevelt
79%
The first inaugural address streamed live on the Internet was for what president's second ceremony?Bill Clinton
77.7%
Referring to Watergate, what president said, 'Our long national nightmare is over'?Gerald Ford
75.6%
What president holds the record for the longest inaugural speech (clocked at about an hour and 45 minutes), but also holds the record for the shortest term in office (32 days)?William H. Harrison
74.2%
At the inauguration of what president in 1865 did African-Americans first participate in the Inaugural Parade?Abraham Lincoln
73.6%
The first televised (black and white) inaugural ceremony took place for what president in 1949?Harry S. Truman
72.4%
What things does the president swear or affirm to do to the US Constitution? (Name one)Preserve, Protect, and Defend
70.4%
Who usually administers the oath of office?Chief Justice of the Supreme Court
66.1%
Hint Answer % Correct
Section 1 of what Amendment of the US Constitution states that the terms of the president and vice president shall end at noon on January 20th?20th Amendment
65.8%
What bulletproof thing was first used at the 1965 inauguration of Lyndon B. Johnson?Limousine
65.2%
Calvin Coolidge's oath in 1925 was administered by what former president?William H. Taft
64.1%
Thomas Jefferson was the first president to be inaugurated in Washington, DC, after it became the nation's lasting capital in what year?1801
63.8%
What president's inauguration was the first to be recorded by a motion picture camera in 1901?William McKinley
57%
Following the morning worship service, and sometimes a brief reception at the White House with the outgoing president, the Procession to what building occurs?Capitol
52.7%
In 1857, the inauguration of what president was the first known inauguration to have been photographed?James Buchanan
52.7%
What president supposedly added the phrase 'so help me God' to the end of the presidential oath of office?George Washington
46.9%
What poet recited his poem 'The Gift Outright' at John F. Kennedy's inauguration?Robert Frost
46.2%
What group of people first participated in the Inaugural Parade in 1917 at Woodrow Wilson's second inauguration?Women
45.7%

You're not logged in!

Compare scores with friends on all Sporcle quizzes.
OR
Log In

From the Vault

Pick a Greek Dish

by hellofromUK

The food is Greek too, not just the dishes and other tableware.
Remove Ads.
Support Sporcle.
Get the best of Sporcle when you Go Orange. This ad-free experience offers more features, more stats, and more fun while also helping to support Sporcle. Thank you for becoming a member.

Show Comments

Extras

Top Quizzes Today


Score Distribution

Your Account Isn't Verified!

In order to create a playlist on Sporcle, you need to verify the email address you used during registration. Go to your Sporcle Settings to finish the process.

Report this User

Report this user for behavior that violates our Community Guidelines.

Details: